Sovremennyje problemy zanjatosti.
Rozdiely ekonomickej podstaty nezamestnanosti v západných štátoch a v Rusku. Dlhodobá (viac ako 12 mesiacov) a štruktúrna nezamestnanosť (na základe vedeckotechnických zmien). Vplyv konverzie vojenskej ekonomiky na nezamestnanosť. Určovanie stupňa racionálnosti zamestnanosti.
Salvato in:
| Autore principale: | |
|---|---|
| Natura: | Capitolo di libro |
| Lingua: | russo |
| Soggetti: | |
| Tags: |
Nessun Tag, puoi essere il primo ad aggiungerne!!
|
MARC
| LEADER | 00000naa a2200000 4500 | ||
|---|---|---|---|
| 001 | r006967 | ||
| 005 | 20221130103920.1 | ||
| 041 | 0 | |a rus | |
| 044 | |a [SU] | ||
| 245 | 1 | 0 | |a Sovremennyje problemy zanjatosti. |c A. Kotljar |
| 520 | |a Rozdiely ekonomickej podstaty nezamestnanosti v západných štátoch a v Rusku. Dlhodobá (viac ako 12 mesiacov) a štruktúrna nezamestnanosť (na základe vedeckotechnických zmien). Vplyv konverzie vojenskej ekonomiky na nezamestnanosť. Určovanie stupňa racionálnosti zamestnanosti. | ||
| 610 | 2 | 0 | |a zamestnanosť |
| 610 | 2 | 0 | |a Rusko |
| 610 | 2 | 0 | |a nezamestnanosť |
| 610 | 2 | 0 | |a konverzia priemyslu |
| 610 | 2 | 0 | |a priemysel zbrojársky |
| 100 | 1 | |a Kotljar, A. | |